|
|
|
|
| LEADER |
00000nab a2200000 a 4500 |
| 001 |
vtls000312262 |
| 003 |
SK-MaSNL |
| 005 |
20260302215445.0 |
| 008 |
111201c1978 xo 0 slo |
| 015 |
|
|
|a SNBRB19rr/mm-uuuuu
|
| 035 |
|
|
|a CL0002354
|
| 040 |
|
|
|a SNKBUCL
|b slo
|c SNKBUCL
|e AACR2
|
| 041 |
0 |
|
|a slo
|
| 044 |
|
|
|a xo
|c SK
|
| 080 |
|
|
|a 378
|2 1981
|
| 100 |
1 |
|
|a Kopšo, Emil,
|d 1935-1989
|4 aut
|9 49203
|
| 245 |
1 |
0 |
|a Malé jubileum
|b Pred rokom začala svoju činnosť Fakulta ekonomiky služieb a cestovného ruchu V Banskej Bystrici
|c Emil Kopšo
|
| 610 |
|
7 |
|a Vysoká škola ekonomická v Banskej Bystrici.
|b Fakulta ekonomiky služieb a cestovného ruchu
|2 snkbucl
|9 179035
|
| 610 |
2 |
7 |
|a Vysoká škola ekonomická v Banskej Bystrici.
|b Fakulta ekonomiky služieb a cestovného ruchu
|2 snkbucl
|9 179035
|
| 651 |
|
7 |
|a 5301
|2 snkbucl
|9 893756
|
| 655 |
|
7 |
|a články z novín a časopisov
|2 snkbucl
|9 267496
|
| 773 |
0 |
|
|t Smer
|g Roč. 30, č. 42 (18. 2. 1978), s. 2
|
| 850 |
|
|
|a Slovenská národná knižnica v Martine
|a MTA001
|
| 852 |
|
|
|a SNK
|b KIS3GCP
|
| 958 |
|
|
|a RK
|
| 992 |
|
|
|a RBX
|
| 999 |
|
|
|c 1502413
|d 1504343
|